000 00544nam a2200217Ia 4500
003 OSt
005 20220926042234.0
006 a|||||r|||| 00| 0
007 ta
008 220923b |||||||| |||| 00| 0 eng d
037 _cGeneral Book
040 _aRTL
_cRTL
_beng
041 _2eng
_aeng
082 _aQ2, J3
100 _aMorgan Kenneth W Ed.
_976539
245 0 _aReligion of the hindus
260 _c1953
650 _aHinduhsm
_9245819
942 _hQ2, J3
_cGB
_2CC
999 _c669201
_d669201